000 00518nmm a2200169Ia 4500
008 251105s9999||||xx |||||||||||||||||und||
020 _a847908278X
041 _aspa
100 _aBeléndez Vázquez, A.
245 0 _aFundamentos de óptica para ingeniería informática
264 _a[Madrid, España] :
_bPublicaciones de la Universidad de Alicante,
_c1996
300 _a320 páginas
490 _aInformática
650 _aEngineering
856 _uhttps://public.digitaliapublishing.com/a/662
942 _cCF
999 _c73496
_d73496